| 000 | 00599nam a22001457a 4500 | ||
|---|---|---|---|
| 008 | 140821b xxu||||| |||| 00| 0 eng d | ||
| 020 | _a040609537 | ||
| 050 | _aKD279.3.L39(1907-08) | ||
| 245 |
_aThe Law Reports (1907-08) Probate Division: of the incorporated council of Law Reporting, Probate Division: Courts of Probate, Divorce, and Admiralty. / _cedited by Frederick Pollock and assisted A.P. Stone |
||
| 260 |
_aLondon: _bButterworth & Co. Ltd, _c1907. |
||
| 300 |
_axiv, 389p. _c24cm. |
||
| 440 | _pProbate division 1907 to 1908 | ||
| 800 |
_aPollock, Frederick _aStone, A.P. |
||
| 942 |
_2lcc _cBK |
||
| 999 |
_c3635 _d11135 |
||